[Event "FRA-chT2 0910"]
[Site "France"]
[Date "2010.01.24"]
[Round "7.4"]
[White "Deschler, Fabrice"]
[Black "Bureau, Frederic"]
[Result "1-0"]
[WhiteElo "2117"]
[BlackElo "2054"]
[PlyCount "107"]
[EventDate "2009.09.27"]
[EventType "team"]
[EventRounds "11"]
[EventCountry "FRA"]
[SourceDate "2009.07.26"]

1. Nf3 d5 2. d4 c5 3. c4 cxd4 4. cxd5 Qa5+ 5. Qd2 Qxd5 6. Nc3 Qd8 7. Nxd4 a6 8.
e3 Nf6 9. Be2 e5 10. Nf3 Nbd7 11. O-O Bb4 12. Rd1 Qe7 13. a3 Ne4 14. Qc2 Nxc3
15. bxc3 Bd6 16. e4 O-O 17. Bc4 Nc5 18. a4 Be6 19. Bd5 Rac8 20. Be3 Rfd8 21.
Rab1 Bxd5 22. Rxd5 f6 23. Rb6 Rc6 24. Bxc5 Bxc5 25. Rxc6 bxc6 26. Rxd8+ Qxd8
27. Kf1 Kf8 28. Nd2 g6 29. Ke2 Qd7 30. h3 Qa7 31. Qd3 Bxf2 32. Qf3 Bh4 33. g3
Bg5 34. h4 Bxd2 35. Qxf6+ Qf7 36. Qh8+ Ke7 37. Qxe5+ Kf8 38. Qd6+ Kg7 39. Qd4+
Kf8 40. Kxd2 Qa2+ 41. Ke3 Qg2 42. Qh8+ Kf7 43. Qxh7+ Kf6 44. Qh8+ Kf7 45. Qe5
Qg1+ 46. Kd2 Qf2+ 47. Kc1 Qg1+ 48. Kc2 Qf2+ 49. Kb3 Qb6+ 50. Kc4 a5 51. Qd6
Qa6+ 52. Kb3 Qb6+ 53. Ka3 Qe3 54. Qf4+ 1-0

[Event "FRA-chT2 0910"]
[Site "France"]
[Date "2010.01.24"]
[Round "7.5"]
[White "Borni, Jean Bernard"]
[Black "Graeber, Fabien"]
[Result "0-1"]
[WhiteElo "2035"]
[BlackElo "2112"]
[PlyCount "54"]
[EventDate "2009.09.27"]
[EventType "team"]
[EventRounds "11"]
[EventCountry "FRA"]
[SourceDate "2009.07.26"]

1. e4 e6 2. d4 d5 3. Nc3 Nf6 4. e5 Nfd7 5. f4 c5 6. Nf3 Nc6 7. Be3 Be7 8. Qd2
O-O 9. O-O-O c4 10. f5 b5 11. f6 gxf6 12. Bh6 b4 13. Qe1 Kh8 14. Na4 Rg8 15. b3
fxe5 16. dxe5 Qa5 17. Kb1 Ba6 18. Nb2 cxb3 19. axb3 Nc5 20. Qe3 Ne4 21. Na4
Bxf1 22. Rhxf1 Qc7 23. g3 Rac8 24. Ne1 Nxe5 25. Bf4 Bd6 26. Qd4 f6 27. Rc1 Bc5
0-1

[Event "FRA-chT2 0910"]
[Site "France"]
[Date "2010.01.24"]
[Round "7.6"]
[White "Viennot, Dylan"]
[Black "Joguet, Myriam"]
[Result "1-0"]
[WhiteElo "1976"]
[BlackElo "1764"]
[PlyCount "49"]
[EventDate "2009.09.27"]
[EventType "team"]
[EventRounds "11"]
[EventCountry "FRA"]
[SourceDate "2009.07.26"]

1. e4 b6 2. d3 e6 3. Nf3 Bb7 4. Be2 d5 5. exd5 exd5 6. d4 Nf6 7. Bg5 Be7 8. O-O
O-O 9. Nbd2 Nbd7 10. Bd3 c5 11. c3 h6 12. Bxf6 Nxf6 13. Re1 Re8 14. Ne5 Bd6 15.
f4 c4 16. Bc2 b5 17. Nf1 b4 18. Ng3 bxc3 19. bxc3 Bc8 20. Qf3 Bxe5 21. fxe5 Nh7
22. Rf1 Ng5 23. Qh5 Rf8 24. h4 Ne6 25. Nf5 1-0

[Event "FRA-chT2 0910"]
[Site "France"]
[Date "2010.01.24"]
[Round "7.7"]
[White "Mathis, Jacques"]
[Black "Neuhauser, Salome"]
[Result "0-1"]
[WhiteElo "1817"]
[BlackElo "1988"]
[PlyCount "68"]
[EventDate "2009.09.27"]
[EventType "team"]
[EventRounds "11"]
[EventCountry "FRA"]
[SourceDate "2009.07.26"]

1. e4 c5 2. Nc3 Nc6 3. g3 g6 4. Bg2 Bg7 5. d3 d6 6. Be3 e6 7. Qd2 Rb8 8. Nge2
Nge7 9. f4 O-O 10. O-O Nd4 11. Nd1 b6 12. c3 Nxe2+ 13. Qxe2 d5 14. Nf2 d4 15.
Bd2 dxc3 16. Bxc3 Bd4 17. Kh1 e5 18. Nh3 Nc6 19. Rad1 Rb7 20. Nf2 Rd7 21. Bh3
Rd6 22. Bxc8 Qxc8 23. Ng4 Qe6 24. fxe5 Nxe5 25. Nxe5 Qxe5 26. Bxd4 Rxd4 27. Rd2
Rfd8 28. Qf3 Qe6 29. b3 Rxe4 30. dxe4 Rxd2 31. e5 Rxa2 32. Qf6 Qd5+ 33. Qf3
Qxf3+ 34. Rxf3 Re2 0-1

[Event "FRA-chT2 0910"]
[Site "France"]
[Date "2010.01.24"]
[Round "7.8"]
[White "Schmitt, Claude"]
[Black "Metzger, Philippe"]
[Result "1-0"]
[WhiteElo "1833"]
[BlackElo "1720"]
[PlyCount "117"]
[EventDate "2009.09.27"]
[EventType "team"]
[EventRounds "11"]
[EventCountry "FRA"]
[SourceDate "2009.07.26"]

1. c4 c6 2. Nc3 d5 3. cxd5 cxd5 4. d4 Nf6 5. Bf4 a6 6. Nf3 Nc6 7. a3 Bf5 8. e3
e6 9. Be2 Ne4 10. Nxe4 Bxe4 11. O-O Bd6 12. Bxd6 Qxd6 13. Nd2 Bg6 14. b4 O-O
15. Nb3 b6 16. Rc1 a5 17. Bb5 Na7 18. Bd3 axb4 19. Bxg6 hxg6 20. axb4 Qxb4 21.
Rb1 Qd6 22. Qd3 Rfb8 23. Rfc1 Nc6 24. Qb5 Na5 25. Nd2 Rc8 26. g3 Rxc1+ 27. Rxc1
Rb8 28. Rc3 Rb7 29. Rc8+ Kh7 30. Qe8 g5 31. Nf3 Kg6 32. Ne5+ Kf6 33. Rd8 Qe7
34. Nd7+ Rxd7 35. Qxd7 Nc4 36. Qxe7+ Kxe7 37. Rb8 g4 38. Rb7+ Kf6 39. Kg2 g6
40. h3 gxh3+ 41. Kxh3 g5 42. g4 Kg6 43. Kg3 f5 44. Rc7 Kf6 45. Rc6 b5 46. gxf5
Kxf5 47. Rc5 Nd6 48. f3 Kf6 49. Kf2 g4 50. Rc6 g3+ 51. Kxg3 Nc4 52. Kf2 b4 53.
Rc5 b3 54. Rb5 b2 55. Kf1 Kf5 56. Ke2 e5 57. Kd3 Ke6 58. e4 exd4 59. exd5+ 1-0

[Event "FRA-chT2 0910"]
[Site "France"]
[Date "2010.01.24"]
[Round "7.1"]
[White "Bardel, Stephan"]
[Black "Dubreuil, Julien"]
[Result "0-1"]
[WhiteElo "2243"]
[BlackElo "2252"]
[PlyCount "57"]
[EventDate "2009.09.27"]
[EventType "team"]
[EventRounds "11"]
[EventCountry "FRA"]
[SourceDate "2009.07.26"]

1. c4 g6 2. Nf3 Bg7 3. e4 d6 4. d4 Nd7 5. Nc3 e5 6. Be2 Ne7 7. Be3 O-O 8. Qd2
c5 9. dxc5 dxc5 10. O-O-O Nc6 11. h4 Nd4 12. h5 Qa5 13. Kb1 Re8 14. hxg6 fxg6
15. Bh6 Bf6 16. Ng5 Qd8 17. Nd5 Nf8 18. f4 Be6 19. fxe5 Bxe5 20. Bxf8 Rxf8 21.
Nxh7 Bxd5 22. Nxf8 Bxe4+ 23. Bd3 Bxd3+ 24. Qxd3 Qxf8 25. Qxg6+ Qg7 26. Qe4 Re8
27. Rh5 Re6 28. g4 Bf6 29. Qd5 {suite illisible} 0-1

[Event "FRA-chT2 0910"]
[Site "France"]
[Date "2010.01.24"]
[Round "7.2"]
[White "Bissieres, Mathieu"]
[Black "Wegner, Eric"]
[Result "1-0"]
[WhiteElo "2317"]
[BlackElo "2090"]
[PlyCount "57"]
[EventDate "2009.09.27"]
[EventType "team"]
[EventRounds "11"]
[EventCountry "FRA"]
[SourceDate "2009.07.26"]

1. e4 e5 2. Nf3 Nc6 3. d4 exd4 4. Nxd4 Bb4+ 5. c3 Bc5 6. Be3 Bb6 7. Be2 Nf6 8.
Nxc6 bxc6 9. Bxb6 axb6 10. e5 Nd5 11. Qd2 O-O 12. c4 Ne7 13. O-O f6 14. exf6
Rxf6 15. Nc3 d5 16. Rad1 Ba6 17. b4 Rd6 18. cxd5 Nxd5 19. Ne4 Rd7 20. Bxa6 Rxa6
21. Rfe1 Kh8 22. Ng5 Ra8 23. Qc1 h6 24. Ne6 Qf6 25. Qxc6 Rxa2 26. Rf1 Nf4 27.
Qxd7 Nxe6 28. Rde1 Nf4 29. Qe7 1-0

[Event "FRA-chT2 0910"]
[Site "France"]
[Date "2010.01.24"]
[Round "7.3"]
[White "Broca, Alexandre"]
[Black "Cursoux, Laurent"]
[Result "0-1"]
[WhiteElo "2141"]
[BlackElo "2251"]
[PlyCount "42"]
[EventDate "2009.09.27"]
[EventType "team"]
[EventRounds "11"]
[EventCountry "FRA"]
[SourceDate "2009.07.26"]

1. e4 c5 2. Nf3 d6 3. d4 cxd4 4. Qxd4 Nc6 5. Bb5 Bd7 6. Bxc6 Bxc6 7. Nc3 Nf6 8.
Bg5 e6 9. O-O-O Be7 10. Qd3 O-O 11. Nd4 Rc8 12. h4 Qa5 13. f4 h6 14. Rd2 b5 15.
a3 b4 16. axb4 Qa1+ 17. Nb1 Bxe4 18. Qg3 Kh8 19. Re2 d5 20. Nb5 Qa4 21. Qe3 Bc5
0-1

[Event "FRA-chT2 0910"]
[Site "France"]
[Date "2010.01.24"]
[Round "7.4"]
[White "Cau, Benjamin"]
[Black "Prost, Frederic"]
[Result "1-0"]
[WhiteElo "2156"]
[BlackElo "2124"]
[PlyCount "105"]
[EventDate "2009.09.27"]
[EventType "team"]
[EventRounds "11"]
[EventCountry "FRA"]
[SourceDate "2009.07.26"]

1. e4 d5 2. exd5 Qxd5 3. Nc3 Qd6 4. d4 Nf6 5. Nf3 a6 6. g3 b5 7. Bg2 Bb7 8. O-O
e6 9. a4 b4 10. Ne2 Nbd7 11. c4 c5 12. Bf4 Qb6 13. b3 Bd6 14. Be3 O-O 15. h3
Rfd8 16. Nc1 Qc7 17. Nd3 cxd4 18. Nxd4 Nc5 19. Nxb4 Bxg2 20. Kxg2 Qb7+ 21. Qf3
Qxb4 22. Nc6 Qxb3 23. Nxd8 Rxd8 24. Rfd1 Nfe4 25. Rab1 Qxa4 26. Bxc5 Nxc5 27.
Rxd6 Rf8 28. Rbd1 Qxc4 29. Rd8 Qe4 30. Qxe4 Nxe4 31. Rxf8+ Kxf8 32. Ra1 g6 33.
Rxa6 Kg7 34. Kf3 Nf6 35. Kf4 h6 36. Ke5 Nd5 37. Ra8 Nb4 38. Kd6 Nd5 39. Ra3 Nf6
40. Rf3 Ne4+ 41. Ke7 f6 42. Rf4 f5 43. Rxe4 fxe4 44. Kxe6 g5 45. Kf5 Kf7 46.
Kxe4 Ke6 47. f4 gxf4 48. gxf4 Kf6 49. f5 Kf7 50. Ke5 h5 51. h4 Ke7 52. f6+ Kf8
53. Kf4 1-0

[Event "FRA-chT2 0910"]
[Site "France"]
[Date "2010.01.24"]
[Round "7.5"]
[White "Debray, Francois"]
[Black "Bellet, Georges"]
[Result "1-0"]
[WhiteElo "2179"]
[BlackElo "2153"]
[PlyCount "125"]
[EventDate "2009.09.27"]
[EventType "team"]
[EventRounds "11"]
[EventCountry "FRA"]
[SourceDate "2009.07.26"]

1. e4 c5 2. Nf3 a6 3. Nc3 d6 4. d4 cxd4 5. Nxd4 Nf6 6. Bg5 Nbd7 7. f4 Qa5 8.
Qd2 h6 9. Bxf6 Nxf6 10. O-O-O Bg4 11. Be2 Bxe2 12. Qxe2 e6 13. f5 e5 14. Nb3
Qc7 15. g4 b5 16. a3 Rc8 17. h3 Be7 18. Rd3 Qb6 19. Nd5 Nxd5 20. Rxd5 Rc4 21.
Kb1 Kd7 22. Rhd1 Rhc8 23. c3 Kc7 24. Nd2 Rc6 25. Nf3 Kb8 26. Qd3 R8c7 27. h4
Rc5 28. Rxc5 Qxc5 29. g5 hxg5 30. hxg5 Qc4 31. Qxc4 Rxc4 32. f6 gxf6 33. gxf6
Bxf6 34. Rxd6 Be7 35. Rd7 Rc7 36. Rxc7 Kxc7 37. Nxe5 f6 38. Nf3 Kd6 39. Kc2 Bf8
40. Kb3 Bh6 41. a4 Kc5 42. axb5 axb5 43. Ne1 Bf8 44. Nd3+ Kd6 45. Kb4 Kc6+ 46.
Ka5 Bd6 47. Ka6 Bc7 48. Ne1 Bf4 49. Nc2 Bc1 50. Nd4+ Kd6 51. b4 Bd2 52. Kxb5
Bxc3 53. Nf3 Ke6 54. Kc4 Bb2 55. b5 Ba3 56. b6 Bd6 57. Kb5 Kd7 58. Nd4 Bg3 59.
Nc6 Ke6 60. b7 Bh2 61. Kb6 Bd6 62. Ka7 f5 63. Nd4+ 1-0

[Event "FRA-chT2 0910"]
[Site "France"]
[Date "2010.01.24"]
[Round "7.6"]
[White "L'Hermitte, Emmanuel"]
[Black "Joie, Sebastien"]
[Result "0-1"]
[WhiteElo "2025"]
[BlackElo "2111"]
[PlyCount "78"]
[EventDate "2009.09.27"]
[EventType "team"]
[EventRounds "11"]
[EventCountry "FRA"]
[SourceDate "2009.07.26"]

1. d4 Nf6 2. c4 g6 3. Nc3 Bg7 4. e4 d6 5. h3 O-O 6. Bg5 h6 7. Be3 e5 8. d5 a5
9. Bd3 Na6 10. Nge2 Nd7 11. Qd2 Kh7 12. g4 Nac5 13. h4 Nxd3+ 14. Qxd3 Nc5 15.
Bxc5 dxc5 16. Qg3 a4 17. O-O-O Ra6 18. Rdg1 Bd7 19. Qe3 Qe7 20. h5 g5 21. f3
Rb6 22. Ng3 Rb4 23. Nf5 Bxf5 24. exf5 e4 25. Qe2 Qe5 26. a3 Qf4+ 27. Kc2 exf3
28. Qd3 Bxc3 29. axb4 f2 30. Rf1 Bd4 31. bxc5 Re8 32. d6 Re3 33. Qd2 Qe4+ 34.
Kc1 Re2 35. dxc7 Rxd2 36. Kxd2 Qe3+ 37. Kc2 Qe2+ 38. Kc1 Qxb2+ 39. Kd1 Be3 0-1

[Event "FRA-chT2 0910"]
[Site "France"]
[Date "2010.01.24"]
[Round "7.7"]
[White "Tching Sin, Olivier"]
[Black "Meunier, Clement"]
[Result "1/2-1/2"]
[WhiteElo "2003"]
[BlackElo "1905"]
[PlyCount "82"]
[EventDate "2009.09.27"]
[EventType "team"]
[EventRounds "11"]
[EventCountry "FRA"]
[SourceDate "2009.07.26"]

1. e4 c5 2. Nf3 g6 3. d4 Bg7 4. Nc3 cxd4 5. Nxd4 d6 6. Bc4 Nf6 7. h3 O-O 8. Bb3
Nc6 9. Be3 Na5 10. O-O Nxb3 11. axb3 a6 12. f4 d5 13. e5 Ne8 14. Qf3 e6 15. g4
f6 16. Qg3 Nc7 17. h4 Kh8 18. Kg2 Bd7 19. Rh1 h5 20. Nce2 Be8 21. Ng1 fxe5 22.
fxe5 hxg4 23. Qxg4 Bxe5 24. Ngf3 Bf6 25. Ng5 Qe7 26. Rh2 e5 27. Ndf3 d4 28. h5
gxh5 29. Bd2 Bg6 30. Rah1 Bg7 31. Rxh5+ Kg8 32. Ne4 Bxh5 33. Qxh5 Ne6 34. Nfg5
Nf4+ 35. Bxf4 Rxf4 36. Qh7+ Kf8 37. Qh8+ Bxh8 38. Rxh8+ Kg7 39. Rh7+ Kf8 40.
Rh8+ Kg7 41. Rh7+ Kf8 1/2-1/2

[Event "FRA-chT2 0910"]
[Site "France"]
[Date "2010.01.24"]
[Round "7.8"]
[White "Cuffaro, Laetitia"]
[Black "Hourlier, Claire"]
[Result "0-1"]
[WhiteElo "1720"]
[BlackElo "1915"]
[PlyCount "67"]
[EventDate "2009.09.27"]
[EventType "team"]
[EventRounds "11"]
[EventCountry "FRA"]
[SourceDate "2009.07.26"]

1. d4 Nf6 2. Nf3 g6 3. Bf4 Bg7 4. c4 O-O 5. Nc3 d6 6. Qd2 Nbd7 7. Bh6 c6 8.
Bxg7 Kxg7 9. e3 e5 10. Qc2 Qe7 11. d5 a5 12. a4 Nc5 13. Nd2 Nfd7 14. Be2 f5 15.
O-O Qh4 16. Nf3 Qh6 17. Rab1 Nf6 18. h3 g5 19. Nh2 Kh8 20. Qd1 Nfe4 21. g4 Qxh3
22. Nxe4 Nxe4 23. gxf5 Bxf5 24. Bg4 Qh4 25. Bxf5 Rxf5 26. Qg4 Qxg4+ 27. Nxg4
Nd2 28. Nh6 Rf6 29. Ng4 Rg6 30. Rbd1 Nxf1 31. Kxf1 h5 32. Nh2 Rf8 33. Rd2 Rgf6
34. Kg2 0-1

[Event "FRA-chT2 0910"]
[Site "France"]
[Date "2010.01.24"]
[Round "7.1"]
[White "Fedorchuk, Sergey A"]
[Black "Pytel, Krzysztof"]
[Result "1-0"]
[WhiteElo "2643"]
[BlackElo "2383"]
[PlyCount "35"]
[EventDate "2009.09.27"]
[EventType "team"]
[EventRounds "11"]
[EventCountry "FRA"]
[SourceDate "2009.07.26"]
[WhiteTeam "Meaux"]
[BlackTeam "Livry Gargan"]

1. e4 d5 2. exd5 Qxd5 3. Nc3 Qd6 4. d4 Nf6 5. Nf3 c6 6. a3 Bg4 7. Be2 g6 8. O-O
Bg7 9. Bf4 Qd8 10. Qd2 O-O 11. Ne5 Be6 12. Rfe1 Nbd7 13. Nd3 Nd5 14. Bh6 Nxc3
15. Bxg7 Kxg7 16. Qxc3 Nf6 17. Nc5 Bc8 18. Rad1 {suite illisible} 1-0

[Event "FRA-chT2 0910"]
[Site "France"]
[Date "2010.01.24"]
[Round "7.2"]
[White "Loukili, Abdelillah"]
[Black "Shchekachev, Andrei"]
[Result "0-1"]
[WhiteElo "2108"]
[BlackElo "2546"]
[PlyCount "88"]
[EventDate "2009.09.27"]
[EventType "team"]
[EventRounds "11"]
[EventCountry "FRA"]
[SourceDate "2009.07.26"]
[BlackTeam "Meaux"]

1. d4 Nf6 2. Nf3 e6 3. g3 b6 4. Bg2 Bb7 5. O-O c5 6. c3 Be7 7. Nbd2 O-O 8. Re1
d5 9. Ne5 Nc6 10. Nxc6 Bxc6 11. dxc5 Bxc5 12. Nb3 Be7 13. Nd4 Bb7 14. a4 a6 15.
h3 h6 16. Nb3 Rc8 17. a5 b5 18. Be3 Nd7 19. f4 Qc7 20. Bf2 Rfd8 21. Qd3 e5 22.
f5 Qb8 23. e4 dxe4 24. Qe2 b4 25. c4 Nf6 26. Nd2 Bc5 27. Nxe4 Bxe4 28. Bxe4
Bxf2+ 29. Qxf2 Rxc4 30. Bg2 Rcd4 31. Qe2 Qa7 32. Qf2 e4 33. Bxe4 Qb8 34. Bg2 b3
35. Re2 h5 36. Qf3 Rd3 37. Qb7 Qxg3 38. Rf1 Rd1 39. Qf3 Rxf1+ 40. Qxf1 Qc7 41.
Qe1 Qc5+ 42. Rf2 Re8 43. Qd2 Re5 44. Qg5 Re1+ 0-1

[Event "FRA-chT2 0910"]
[Site "France"]
[Date "2010.01.24"]
[Round "7.3"]
[White "Okhotnik, Vladimir"]
[Black "Blum, Gary"]
[Result "1-0"]
[WhiteElo "2447"]
[BlackElo "2078"]
[PlyCount "36"]
[EventDate "2009.09.27"]
[EventType "team"]
[EventRounds "11"]
[EventCountry "FRA"]
[SourceDate "2009.07.26"]
[WhiteTeam "Meaux"]

1. c4 c5 2. Nf3 Nc6 3. Nc3 Nf6 4. e4 e6 5. Be2 d5 6. exd5 exd5 7. d4 Be7 8. O-O
O-O 9. dxc5 d4 10. Na4 Ne4 11. a3 a5 12. Nb6 Ra6 13. Nxc8 Bxc5 14. Bd3 Nf6 15.
Bg5 Qxc8 16. Bxf6 gxf6 17. Nh4 Ne5 18. Bf5 Qc7 {suite illisible} 1-0

[Event "FRA-chT2 0910"]
[Site "France"]
[Date "2010.01.24"]
[Round "7.4"]
[White "Landie, Thibault"]
[Black "Strugnell, Carl"]
[Result "1-0"]
[WhiteElo "2137"]
[BlackElo "2265"]
[PlyCount "43"]
[EventDate "2009.09.27"]
[EventType "team"]
[EventRounds "11"]
[EventCountry "FRA"]
[SourceDate "2009.07.26"]

1. e4 c5 2. Nc3 Nc6 3. g3 g6 4. Bg2 Bg7 5. d3 Rb8 6. Be3 b5 7. Qd2 b4 8. Nd1 d6
9. f4 e6 10. Nf3 Nd4 11. c3 bxc3 12. Nxc3 Nxf3+ 13. Bxf3 Ne7 14. O-O Qa5 15. g4
d5 16. exd5 Nxd5 17. Bxd5 exd5 18. f5 gxf5 19. Bh6 Rg8 20. Rfe1+ Be6 21. Kh1
fxg4 22. Bg5 {suite illisible} 1-0

[Event "FRA-chT2 0910"]
[Site "France"]
[Date "2010.01.24"]
[Round "7.5"]
[White "Luce, Sebastien"]
[Black "Coudray, Frederic"]
[Result "1/2-1/2"]
[WhiteElo "2328"]
[BlackElo "2043"]
[PlyCount "77"]
[EventDate "2009.09.27"]
[EventType "team"]
[EventRounds "11"]
[EventCountry "FRA"]
[SourceDate "2009.07.26"]

1. Nf3 Nf6 2. c4 g6 3. b3 Bg7 4. Bb2 c5 5. g3 b6 6. Bg2 Bb7 7. O-O O-O 8. Nc3
Na6 9. Rc1 Nc7 10. d4 cxd4 11. Qxd4 Ne6 12. Qd2 Nc5 13. Rfd1 d6 14. Ne1 Bxg2
15. Nxg2 Nfe4 16. Nxe4 Nxe4 17. Qc2 Bxb2 18. Qxb2 Qd7 19. Qd4 Nf6 20. Ne3 Qb7
21. Nd5 Nxd5 22. Qxd5 Qxd5 23. cxd5 Rfc8 24. e4 a5 25. Kf1 Rc5 26. Ke2 Rac8 27.
Rxc5 Rxc5 28. f4 f6 29. Kd3 f5 30. Rd2 Kf7 31. Kd4 fxe4 32. Kxe4 Rc1 33. g4 b5
34. Ke3 Kf6 35. Ke4 Re1+ 36. Kf3 Rf1+ 37. Kg3 Rg1+ 38. Kf3 Rf1+ 39. Kg3 1/2-1/2

[Event "FRA-chT2 0910"]
[Site "France"]
[Date "2010.01.24"]
[Round "7.6"]
[White "Coudray, Carine"]
[Black "Faby, Fabrice"]
[Result "0-1"]
[WhiteElo "1880"]
[BlackElo "2133"]
[PlyCount "70"]
[EventDate "2009.09.27"]
[EventType "team"]
[EventRounds "11"]
[EventCountry "FRA"]
[SourceDate "2009.07.26"]

1. e4 e6 2. d3 c5 3. g3 Nc6 4. Bg2 g6 5. Nf3 Bg7 6. c3 d5 7. Nbd2 Nge7 8. O-O
O-O 9. Qe2 Qc7 10. Nb3 b6 11. exd5 Nxd5 12. d4 cxd4 13. Nbxd4 Bb7 14. Nxc6 Qxc6
15. c4 Nb4 16. Ne1 Qd7 17. Bxb7 Qxb7 18. Be3 Rad8 19. a3 Nc6 20. Nf3 Na5 21.
Rab1 Nxc4 22. Qxc4 Qxf3 23. Qc7 Rd3 24. Qxa7 Rxe3 25. fxe3 Qxe3+ 26. Rf2 Bd4
27. Rbf1 Qe4 28. h3 Qf3 29. Qc7 e5 30. Qc2 Qxg3+ 31. Kh1 Qxh3+ 32. Kg1 Rc8 33.
Qe2 f5 34. b4 Rc3 35. Qa2+ Kg7 0-1

[Event "FRA-chT2 0910"]
[Site "France"]
[Date "2010.01.24"]
[Round "7.7"]
[White "Pinard, Alain"]
[Black "Afraoui, Solenn"]
[Result "1-0"]
[WhiteElo "2080"]
[BlackElo "1851"]
[PlyCount "99"]
[EventDate "2009.09.27"]
[EventType "team"]
[EventRounds "11"]
[EventCountry "FRA"]
[SourceDate "2009.07.26"]

1. Nf3 Nf6 2. g3 g6 3. Bg2 Bg7 4. c4 c5 5. Nc3 O-O 6. d4 cxd4 7. Nxd4 Nc6 8.
O-O d6 9. Nxc6 bxc6 10. Bxc6 Bh3 11. Bg2 Bxg2 12. Kxg2 Qc7 13. Qd3 Rfc8 14. b3
d5 15. c5 Qxc5 16. Bb2 Qc6 17. f3 d4 18. Na4 e5 19. Rac1 Qe8 20. Rxc8 Rxc8 21.
Rc1 Nd5 22. Kf2 Ne3 23. Qa6 Rxc1 24. Bxc1 Qd7 25. Nb6 Qd6 26. Ba3 Qc7 27. Qc8+
Qxc8 28. Nxc8 a6 29. Ne7+ Kh8 30. Nc6 Nd1+ 31. Ke1 Nc3 32. Bd6 f6 33. a4 Kg8
34. Nb4 Bf8 35. Bxf8 Kxf8 36. Nxa6 Ke7 37. Nc5 Kd6 38. Ne4+ Nxe4 39. fxe4 Kc5
40. a5 Kb5 41. b4 f5 42. exf5 gxf5 43. Kd2 e4 44. Kc2 Ka6 45. Kb2 h6 46. h3 Kb5
47. Kb3 Kc6 48. a6 Kb6 49. b5 Ka7 50. Kc4 1-0

[Event "FRA-chT2 0910"]
[Site "France"]
[Date "2010.01.24"]
[Round "7.8"]
[White "Pytel, Bozena"]
[Black "Faby, Laetitia"]
[Result "1-0"]
[WhiteElo "1936"]
[BlackElo "1970"]
[PlyCount "97"]
[EventDate "2009.09.27"]
[EventType "team"]
[EventRounds "11"]
[EventCountry "FRA"]
[SourceDate "2009.07.26"]

1. Nf3 Nf6 2. d4 g6 3. c4 d5 4. Nc3 c6 5. e3 Bg7 6. Bd3 O-O 7. O-O Nbd7 8. cxd5
Nxd5 9. e4 Nc7 10. Be3 e5 11. Bc4 Nb6 12. Bb3 Bg4 13. dxe5 Qxd1 14. Raxd1 Bxf3
15. gxf3 Bxe5 16. Rd3 Rfd8 17. Rfd1 Rxd3 18. Rxd3 Bxc3 19. Rxc3 Rd8 20. Kg2 Nb5
21. Rc1 Rd7 22. a4 Nd4 23. Bd1 Ne6 24. b3 Rd3 25. Bc2 Rd7 26. a5 Nc8 27. b4 Kf8
28. f4 Ke8 29. f5 Nd4 30. fxg6 fxg6 31. Bd1 Ne7 32. Bg4 Rd8 33. Rc4 Nb5 34. Bg5
Nd6 35. Rd4 Nb5 36. Rxd8+ Kxd8 37. f4 Nd6 38. Kf3 Nf7 39. Bf6 Ke8 40. Bd4 a6
41. Bc5 Kd8 42. Be6 Ke8 43. h4 Nd8 44. Bh3 Nf7 45. Ke3 Kd8 46. Be6 Ke8 47. Kd4
Nd8 48. Ke5 Nf7+ 49. Kf6 1-0

[Event "FRA-chT2 0910"]
[Site "France"]
[Date "2010.01.24"]
[Round "7.1"]
[White "Chernov, Vadim"]
[Black "Maatoug, Redwan"]
[Result "0-1"]
[WhiteElo "2440"]
[BlackElo "2222"]
[PlyCount "88"]
[EventDate "2009.09.27"]
[EventType "team"]
[EventRounds "11"]
[EventCountry "FRA"]
[SourceDate "2009.07.26"]

1. e4 c5 2. Nc3 Nc6 3. Bb5 e5 4. Bxc6 dxc6 5. d3 Bd6 6. Nge2 Ne7 7. O-O Ng6 8.
Ng3 O-O 9. Nf5 Bc7 10. Be3 b6 11. Qg4 Bxf5 12. Qxf5 Nf4 13. Bxf4 exf4 14. Ne2
g6 15. Qh3 f5 16. Nc3 fxe4 17. Nxe4 Rf5 18. Rae1 Be5 19. b3 Qd5 20. Qf3 Raf8
21. Re2 Bg7 22. Rfe1 h6 23. Nd2 Qxf3 24. Nxf3 Bc3 25. Rd1 Kf7 26. Re4 Re8 27.
Kf1 g5 28. h3 Rd5 29. Ke2 Rd7 30. Nd2 Bxd2 31. Rxd2 Rd4 32. Rxe8 Kxe8 33. Kf3
Kf7 34. Re2 Rd6 35. Kg4 Kg6 36. Re8 h5+ 37. Kf3 Kf5 38. Rf8+ Kg6 39. h4 gxh4
40. Rxf4 Kg5 41. Rf7 a5 42. d4 Rg6 43. Rb7 h3 44. gxh3 Kh4 0-1

[Event "FRA-chT2 0910"]
[Site "France"]
[Date "2010.01.24"]
[Round "7.2"]
[White "Helstroffer, Arnaud"]
[Black "Gladyszev, Oleg"]
[Result "0-1"]
[WhiteElo "2231"]
[BlackElo "2469"]
[PlyCount "22"]
[EventDate "2009.09.27"]
[EventType "team"]
[EventRounds "11"]
[EventCountry "FRA"]
[SourceDate "2009.07.26"]

1. e4 c5 2. c3 Nf6 3. e5 Nd5 4. Nf3 Nc6 5. d4 cxd4 6. cxd4 d6 7. Bc4 Nb6 8. Bb5
Bd7 9. Nc3 dxe5 10. dxe5 g6 11. O-O Bg7 {suite illisible} 0-1

[Event "FRA-chT2 0910"]
[Site "France"]
[Date "2010.01.24"]
[Round "7.3"]
[White "Taddei, Benoit"]
[Black "Mayer, Jean Marc"]
[Result "1-0"]
[WhiteElo "2295"]
[BlackElo "2217"]
[PlyCount "59"]
[EventDate "2009.09.27"]
[EventType "team"]
[EventRounds "11"]
[EventCountry "FRA"]
[SourceDate "2009.07.26"]

1. e4 e5 2. Nf3 Nf6 3. d4 Nxe4 4. dxe5 d5 5. Nbd2 Nxd2 6. Qxd2 Be7 7. Qf4 Qd7
8. Bd3 Qg4 9. h3 Qxf4 10. Bxf4 Nc6 11. a3 O-O 12. O-O-O Be6 13. Rhe1 a6 14. Bh2
Bc5 15. Re2 Rae8 16. Ng5 h6 17. Nh7 Nd4 18. Ree1 Rd8 19. Nxf8 Kxf8 20. f4 h5
21. Bg1 Bb6 22. b4 Rc8 23. Bh7 Nf5 24. Bxb6 cxb6 25. g4 hxg4 26. hxg4 Ne7 27.
f5 Bd7 28. f6 Nc6 29. Rxd5 Be6 30. Bf5 1-0

[Event "FRA-chT2 0910"]
[Site "France"]
[Date "2010.01.24"]
[Round "7.4"]
[White "Bentout, Pascal"]
[Black "Carrillo, Jesus"]
[Result "1-0"]
[WhiteElo "2172"]
[BlackElo "2116"]
[PlyCount "77"]
[EventDate "2009.09.27"]
[EventType "team"]
[EventRounds "11"]
[EventCountry "FRA"]
[SourceDate "2009.07.26"]

1. d4 Nf6 2. c4 g6 3. g3 Bg7 4. Bg2 O-O 5. Nc3 d6 6. e3 Nc6 7. Nge2 e5 8. O-O
Nh5 9. Bf3 Nf6 10. a3 a5 11. b3 Bf5 12. Bb2 e4 13. Bg2 Re8 14. Nf4 Nb8 15. f3
exf3 16. Qxf3 c6 17. h3 Ne4 18. Nxe4 Bxe4 19. Qf2 Bxg2 20. Nxg2 Qe7 21. Rae1
Nd7 22. e4 Nf6 23. e5 dxe5 24. Rxe5 Qd7 25. Kh2 Ne4 26. Rxe8+ Rxe8 27. Qf4 c5
28. Ne3 cxd4 29. Nd5 f5 30. Rd1 Be5 31. Qf3 Bxg3+ 32. Kg2 Be5 33. Bxd4 Bxd4 34.
Rxd4 Qg7 35. Qe3 g5 36. b4 axb4 37. axb4 f4 38. Rxe4 Qb2+ 39. Qf2 1-0

[Event "FRA-chT2 0910"]
[Site "France"]
[Date "2010.01.24"]
[Round "7.5"]
[White "Hartmann, Dominique"]
[Black "Etienne, Eric"]
[Result "0-1"]
[WhiteElo "2013"]
[BlackElo "2068"]
[PlyCount "68"]
[EventDate "2009.09.27"]
[EventType "team"]
[EventRounds "11"]
[EventCountry "FRA"]
[SourceDate "2009.07.26"]

1. Nf3 d5 2. c4 d4 3. g3 c5 4. Bg2 Nc6 5. O-O e5 6. d3 Nf6 7. Na3 Be7 8. Nc2
O-O 9. a3 Qc7 10. e3 Bg4 11. h3 Bf5 12. exd4 exd4 13. b4 cxb4 14. axb4 Nxb4 15.
Nxb4 Bxb4 16. Nxd4 Bg6 17. Qb3 Bc5 18. Nb5 Qxg3 19. Ba3 Qg5 20. Bxc5 Qxc5 21.
Bxb7 Qg5+ 22. Bg2 Nh5 23. d4 Nf4 24. Qf3 Bh5 25. Qe4 Rae8 26. Qb7 Re7 27. Qc6
Re6 28. Qb7 Rg6 29. Kh1 Qh4 30. Ra3 Nxg2 31. Qxg2 Rxg2 32. Kxg2 a6 33. Rxa6 Be2
34. Re1 Bxc4 0-1